| 000 | 00539 a2200205 4500 | ||
|---|---|---|---|
| 001 | 62201 | ||
| 005 | 20260407155915.0 | ||
| 008 | 260407a1960 arg spa d | ||
| 003 | AR-UNSa-BCEJYS | ||
| 040 |
_aAR-UNSa-BCEJYS _bspa _cAR-UNSa-BCEJYS |
||
| 080 |
_a349.2 _xDerecho del Trabajo |
||
| 245 | 1 | 0 | _aCurso de derecho del trabajo |
| 250 | _a6a. ed. | ||
| 264 | 1 |
_aMadrid : _bTecnos _c1960 |
|
| 300 |
_a608 p. _c24 cm. |
||
| 041 | _aspa | ||
| 942 | _cBK | ||
| 590 | _aniveau_biblio:m niveau_hierar:0 | ||
| 100 | 1 | _aPerez Botija, Eugenio | |
| 999 |
_c7600 _d7600 |
||